Théâtre complet de Jean Anouilh / (Record no. 168861)

MARC details
000 -LEADER
campo de control de longitud fija 00663nam a22002055i 4500
001 - NÚMERO DE CONTROL
campo de control 168861
003 - IDENTIFICADOR DE NÚMERO DE CONTROL
campo de control ES-MaACL
005 - FECHA Y HORA DE LA ÚLTIMA TRANSACCIÓN
campo de control 20230906213919.0
008 - DATOS DE LONGITUD FIJA--INFORMACIÓN GENERAL
campo de control de longitud fija 080616s1963 sz |||| | fre d
080 ## - NÚMERO DE LA CLASIFICACIÓN DECIMAL UNIVERSAL
Número de la Clasificación Decimal Universal 821.133.1-2"19"
100 1# - ENTRADA PRINCIPAL--NOMBRE DE PERSONA
Nombre de persona Anouilh, Jean.
9 (RLIN) 21817
245 10 - MENCIÓN DEL TÍTULO
Título Théâtre complet de Jean Anouilh /
Mención de responsabilidad, etc. préface de Pol Vandromme.
260 ## - PUBLICACIÓN, DISTRIBUCIÓN, ETC.
Lugar de publicación, distribución, etc. Laussane :
Nombre del editor, distribuidor, etc. La Guilde du Livre,
Fecha de publicación, distribución, etc. [1963]
300 ## - DESCRIPCIÓN FÍSICA
Extensión 2 v. ;
Dimensiones 18 cm.
490 1# - MENCIÓN DE SERIE
Mención de serie les trétaux du monde
700 1# - ENTRADA AGREGADA--NOMBRE PERSONAL
Nombre de persona Vandromme, Pol.
9 (RLIN) 137990
830 0# - PUNTO DE ACCESO ADICIONAL DE SERIE-TÍTULO UNIFORME
Título uniforme les trétaux du monde
9 (RLIN) 222772
852 ## - LOCALIZACIÓN
Ubicación ES-MaACL
Número de control de estantería E-12197-98
itemnumber R.190408
Nota libre .- Biblioteca Jacinto Martínez Lacalle
Holdings
Estatus retirado Estado de pérdida Estado de daño No para préstamo Biblioteca de origen Biblioteca actual Ubicación en estantería Fecha de adquisición Fuente de adquisición Total de préstamos Signatura topográfica completa Código de barras Visto por última vez Precio de reemplazo Tipo de ítem Koha
        Biblioteca del Ateneo de Madrid Biblioteca del Ateneo de Madrid Depósito 2 16/06/2008     E-12198-99 1177212 23/02/2023 23/02/2023 Libro impreso